| 000 | 01123cam a22002295a 4500 | ||
|---|---|---|---|
| 001 | L160166 | ||
| 008 | 180912s2018 xxk f 000 0 eng d | ||
| 035 | _a(Sirsi) u160166 | ||
| 041 | 0 | _aeng | |
| 100 | 1 | _aBarnes, Katie | |
| 245 | 0 | 4 |
_aThe Hyde Group _bThe value of a social tenancy _bA socio-economic evaluation based on Hyde's housing portfolio _h[electronic resource] |
| 260 |
_aLondon _bBates Wells & Briathwaite _c2018 |
||
| 520 | _aExplains results of research carried out on behalf of the Hyde group looking at the value of a social housing tenancy concudes that the economy value of social tenancies is £607m in total and £16, 906 per tenancy. Looks at five steps methodology and social-economic factors used to work out the value. | ||
| 590 | _aKA | ||
| 650 | 2 | 4 | _aSOCIAL HOUSING |
| 651 | 4 |
_aUnited Kingdom _y |
|
| 690 |
_aResidential property _96266 |
||
| 700 | 1 | _aClifford, Jim | |
| 700 | 1 | _aRoss, Carla | |
| 856 | 4 | 0 |
_uhttps://www.hyde-housing.co.uk/media/4047/the-hyde-group-value-of-a-social-tenancy-report-040918-final_sml.pdf _zView the item free of charge at www.hyde-housing.co.uk |
| 942 | _n0 | ||
| 999 |
_c116253 _d116253 |
||